000 00593nam a22002177a 4500
003 UA-OsUOA
001 37514
007 ta
008 20060328b un ||||| |||| 00| 0 ukr d
100 _aКлець Д.
090 _a94(477)
_bК11
942 _cSA
040 _aUA-OsUOA
_bukr
_cUA-OsUOA
_dUA-OsUOA
245 _aЕтнічна ситуація в Україні. Якою її бачать журналісти
300 _aС.21-25
955 _a0
041 _aukr
080 _a94(477)
773 0 _w37513
650 7 _a9 Географія. Біографії. Історія
_2UDC
999 _c323706
_d323706